000 00774nam a2200265Ia 4500
003 OSt
005 20221005070022.0
006 a|||||r|||| 00| 0
007 ta
008 221004b |||||||| |||| 00| 0 eng d
020 _a9788184742909 (pbk)
_cIndian Rupees 99
024 _a70807
037 _bGift, 10/12/2021,
_cTextual
040 _aCRL
_cCRL
_beng
041 _2eng
_aeng
082 _aO111,3N441x, Q0
100 _aMorgan Raye Au.
_9605240
245 0 _aBeauty and the reclusive prince
260 _aMumbai
_bMills and Boon India
_c2010
300 _a184p.
_ccm.
650 _a ENGLISH LITERATURE
650 _aENGLISH FICTION
942 _hO111,3N441x, Q0
_cTEXL
_2cc
999 _c975560
_d975560